000 00661cam a22002293a 4500
001 315
003 PGUSA
005 20140828082946.0
008 950801s1995||||xxu|||||s|||||000 p eng d
040 _aPGUSA
_beng
042 _adc
050 4 _aPR
100 1 _aService, Robert W.
_q(Robert William),
_d1874-1958
245 1 0 _aRhymes of a Red Cross Man
_h[electronic resource] /
_cRobert W. Service
260 _bProject Gutenberg,
_c1995
506 _aPublic domain in the USA.
516 _aElectronic text
653 _aWorld War, 1914-1918 -- Poetry
830 0 _aProject Gutenberg
_v315
856 4 0 _uhttp://www.gutenberg.org/ebooks/315
942 _cEB
999 _c229666
_d229666